Groupe de rock français par titres. - Statistiques

Statistiques générales
  • Ce quiz a été pris 173 fois
  • Le résultat moyen est 10 sur 20
Statistiques - réponses
Titres Groupe % Correct
L'aventurier / Trois nuits par semaine Indochine
95%
New-York avec toi / Un autre monde Téléphone
89%
J't'emmène au vent / Ton invitation Louise Attaque
88%
L'homme pressé / Un jour en France Noir Désir
81%
Dernière danse / Le Graal Kyo
80%
I'm Picky / My Name Is Stain Shaka Ponk
77%
Antisocial / Le mitard TRUST
69%
Dis-moi / Coups et blessures BB Brunes
65%
Mala Vida / Pas assez de toi Mano Negra
54%
Noir c'est noir / Lèche-bottes blues / J'aime les filles Les Vieilles Canailles
51%
Les moutons / Lambé An Dro Matmatah
47%
Salut à toi / Porcherie Bérurier Noir
45%
Rimini / Manu Chao Les Wampas
42%
Sous le soleil de Bodega / Zobi la mouche Les négresses Vertes
39%
Mort aux cons / Zéro de conduite Tagada Jones
24%
Nice baie des anges / Twist à Saint-Tropez Dick Rivers
17%
Furia / L'enfer des dieux Mass Hysteria
17%
La Lambada On N'Aime Pas Ca Les Garçons Bouchers
13%
Cayenne / Ilot Amsterdam Parabellum
12%
Tuez les tous ! / Houlala ! Ludwing Von 88
1%
Aucun quiz correspondant
Distribution des résultats
% des personnes avec chaque résultat
Percentile par nombre de réponses
Votre historique - résultats
Vous n’avez pas pris ce quiz